00903nam a2200289Ia 450000500170000000800410001702000150005802000150007304100080008808200170009610000310011324500360014425000180018030000470019849000500024550000210029552100350031665000290035165000290038094200120040926400540042133600270047533700330050233800280053504000350056399900150059820220317001735.0170328s2005 m a g 000 0 s  a9705775314 a9703508359 aspa04a531.14bT65g1 aTonda Mazón, Juand1954-13aLa gravedadcJuan Tonda Mazón a1a. edición a22 páginasbilustraciones a colorc18 cm aEl escarabajo volador : Ciencias de la tierra aIncluye glosario aRecomendado desde los 9 años142LEMBaForma de la tierra142LEMBaGravedadvTeoría 2ddccBK aMéxicobLibros del escarabajo ; Conacultac2005 atextobtxt2rdacontent asin mediaciónbn2rdamedia avolumenbnc2rdacarrier aCO-BoRNBPbspaerdacCO-BoRNBP c7930d7930